000 00801nam a2200229Ia 4500
001 9949
003 GE_BSU
008 181216s||||||||xx |||||||||||||| ||und||
040 _cGE_BSU
080 _a821.353.1-22
100 _aნახუცრიშვილი,გ
245 _aჭინჭრაქა
245 _bზღაპარი-კომედია 3მოქმედებად 7სურათად.
245 _cსარედ:კოლეგია.კ.კალაძე;ბ.ჟღენტი;ვ.კანდელაკი
260 _aთბილისი.
260 _bხელოვნება
260 _c1969
300 _a89გვ;16სმ.
653 _aზღაპარი-კომედია
653 _aჭინჭრაქა
942 _cBK
999 _c43222
_d43222